000
00304nam a2200109 4500
999
_c
10225
_d
10225
008
180808b ||||| |||| 00| 0 eng d
245
_a
Syrian food crisis deepens as war chokes farming.
260
_a
Philippines
_b
Manila Bulletin
_c
c2016
300
_a
page 6.
650
0
_9
30193
_a
Food.
942
_2
ddc
_c
PER